000 00419nam a2200169Ia 4500
001 12900
003 IN-NITTTR
005 20251114233121.0
008 251113s9999||||xx |||||||||||||| ||eng||
040 _beng
040 _cIN-NITTTR
041 _aeng
082 _a378 L949I
245 0 _aInformation Education for All Students At University Level. /
_cLovis, F. B., ed
700 _aLovis, F. B.
942 _2ddc
_cBK
999 _c15536
_d15536